[Event "2008 Olympiad"]
[Site "Dresden GER"]
[Date "2008.11.14"]
[EventDate "2008.11.13"]
[Round "2"]
[Result "1/2-1/2"]
[White "Dragisa Blagojevic"]
[Black "Maxim Rodshtein"]
[WhiteElo "2522"]
[BlackElo "2609"]
[PlyCount "89"]

1. d4 d5 2. c4 c6 3. cxd5 cxd5 4. Bf4 Nf6 5. Nc3 Nc6 6. e3 a6
7. Bd3 Bg4 8. Nge2 e6 9. O-O Bd6 10. f3 Bh5 11. Rc1 O-O
12. Na4 e5 13. Bg5 exd4 14. exd4 Bg6 15. Bxg6 hxg6 16. Nac3
Ne7 17. Qd2 Rc8 18. Na4 Rxc1 19. Rxc1 Qb8 20. Bf4 Re8 21. Bxd6
Qxd6 22. Ng3 Nc6 23. Nc5 Qc7 24. Nb3 Qb6 25. Nc5 Qb5 26. b3 a5
27. Qc3 Nb4 28. Qd2 Nc6 29. Qc3 Nb4 30. Qd2 Qb6 31. Ne2 Nc6
32. Rc3 Qb4 33. Kf1 b6 34. Nd3 Qd6 35. Qf4 Qe6 36. Ne5 Nxe5
37. Qxe5 Qd7 38. Qf4 Qb5 39. Qd2 a4 40. bxa4 Qxa4 41. Qc2 Qa6
42. Kf2 Ra8 43. a3 Re8 44. Qd2 b5 45. Qb2 1/2-1/2

[Event "2008 Olympiad"]
[Site "Dresden GER"]
[Date "2008.11.15"]
[EventDate "2008.11.13"]
[Round "3"]
[Result "1/2-1/2"]
[White "Maxim Rodshtein"]
[Black "Darius Zagorskis"]
[WhiteElo "2609"]
[BlackElo "2509"]
[PlyCount "140"]

1. d4 Nf6 2. c4 e6 3. Nf3 d5 4. Nc3 Be7 5. Bf4 O-O 6. e3 c5
7. dxc5 Bxc5 8. Qc2 Nc6 9. a3 Qa5 10. Nd2 Be7 11. Bg3 Bd7
12. Be2 Rfc8 13. O-O Qd8 14. Qd3 Be8 15. Rfd1 Na5 16. cxd5
Nxd5 17. Nxd5 Qxd5 18. Qxd5 exd5 19. Be5 Ba4 20. Rdc1 Nb3
21. Nxb3 Bxb3 22. Bd1 Rxc1 23. Rxc1 Bxd1 24. Rxd1 f6 25. Bd4
Kf7 26. Rc1 Bd6 27. Kf1 Ke6 28. Ke2 a6 29. Kd3 h5 30. h3 Re8
31. a4 Kd7 32. g3 Re6 33. g4 hxg4 34. hxg4 Re8 35. Rh1 Ke6
36. f4 Rc8 37. Rh7 Kf7 38. Rh5 Ke6 39. g5 Be7 40. g6 Bc5
41. Bc3 Re8 42. e4 dxe4+ 43. Kxe4 Be7 44. f5+ Kd6 45. Rh7 Kc6
46. Kd3 Rg8 47. Ke4 b5 48. axb5+ axb5 49. Rh1 Re8 50. Kf3 Bc5
51. Rh7 Rg8 52. Kg4 Kd5 53. b3 Bd4 54. Bb4 Bc5 55. Bd2 Ke4
56. Bf4 Be3 57. Bxe3 Kxe3 58. Rh1 Kd4 59. Rc1 Re8 60. Rc7 Re4+
61. Kh5 Re1 62. Rxg7 Rh1+ 63. Kg4 Rg1+ 64. Kf4 Rf1+ 65. Kg4
Rg1+ 66. Kh3 Ke5 67. Kh2 Rg5 68. Rb7 Kxf5 69. Rxb5+ Kxg6
70. Rxg5+ fxg5 1/2-1/2

[Event "2008 Olympiad"]
[Site "Dresden GER"]
[Date "2008.11.17"]
[EventDate "2008.11.13"]
[Round "5"]
[Result "1-0"]
[White "Maxim Rodshtein"]
[Black "Jakob Vang Glud"]
[WhiteElo "2609"]
[BlackElo "2441"]
[PlyCount "69"]

1. d4 d5 2. c4 c6 3. Nf3 Nf6 4. Nc3 a6 5. a4 e6 6. g3 dxc4
7. Bg2 c5 8. dxc5 Qxd1+ 9. Nxd1 Nc6 10. Ne3 Bxc5 11. Nxc4 Bd7
12. O-O Ke7 13. Nfe5 Rac8 14. Bg5 h6 15. Nxd7 Kxd7 16. Bxc6+
bxc6 17. Bxf6 gxf6 18. b4 Ba7 19. Rac1 Rc7 20. Rfd1+ Ke7
21. Na5 Rhc8 22. Rc3 Bb6 23. Nc4 Rb8 24. e3 Ba7 25. Rb1 h5
26. Kg2 f5 27. Ne5 Rbc8 28. Rbc1 Kd6 29. Nc4+ Ke7 30. Na5 Kd7
31. Kh3 c5 32. b5 axb5 33. axb5 Rb8 34. Rd1+ Kc8 35. Rcd3 1-0

[Event "2008 Olympiad"]
[Site "Dresden GER"]
[Date "2008.11.19"]
[EventDate "2008.11.13"]
[Round "6"]
[Result "1-0"]
[White "Maxim Rodshtein"]
[Black "Slavko Cicak"]
[WhiteElo "2609"]
[BlackElo "2564"]
[PlyCount "87"]

1. d4 g6 2. c4 Bg7 3. e4 Nc6 4. Nf3 d6 5. d5 Ne5 6. Nxe5 Bxe5
7. Be2 Bg7 8. O-O e6 9. Nc3 Ne7 10. Bg5 h6 11. Be3 O-O 12. Qd2
Kh7 13. f4 f5 14. dxe6 Bxe6 15. Bd4 Bxd4+ 16. Qxd4 c5 17. Qd3
Nc6 18. Rad1 Nd4 19. Nb5 Nxb5 20. cxb5 fxe4 21. Qxe4 Qd7
22. Bc4 Rae8 23. Rd2 Bf5 24. Qd5 Be6 25. Qd3 Rd8 26. Bxe6 Qxe6
27. Re2 Qf7 28. g4 Rde8 29. Rxe8 Qxe8 30. Qxd6 Qe3+ 31. Rf2
Qe1+ 32. Kg2 Qe4+ 33. Kg3 Qe3+ 34. Rf3 Qe1+ 35. Kh3 Qe2
36. Qd7+ Kh8 37. Qxb7 h5 38. Rg3 Qf1+ 39. Qg2 Qxf4 40. Qe2 h4
41. Re3 Rf7 42. Re4 Qf6 43. Re6 Qd4 44. Rxg6 1-0

[Event "2008 Olympiad"]
[Site "Dresden GER"]
[Date "2008.11.20"]
[EventDate "2008.11.13"]
[Round "7"]
[Result "0-1"]
[White "Ibragim S Khamrakulov"]
[Black "Maxim Rodshtein"]
[WhiteElo "2580"]
[BlackElo "2609"]
[PlyCount "68"]

1. e4 c6 2. d4 d5 3. exd5 cxd5 4. c4 Nf6 5. Nc3 e6 6. Nf3 Bb4
7. Bd3 dxc4 8. Bxc4 O-O 9. O-O b6 10. Qe2 Nbd7 11. Ne5 Bb7
12. Bg5 Bxc3 13. bxc3 Qc7 14. Nxd7 Nxd7 15. Rac1 h6 16. Bh4
Rfe8 17. Rfe1 a6 18. Bg3 Qc6 19. f3 b5 20. Bd3 Nb6 21. Be4 Qd7
22. Bb1 Rac8 23. Qd3 f5 24. Bc2 Bd5 25. Bb3 Bc4 26. Qd2 a5
27. Be5 Nd5 28. g4 Qf7 29. Kg2 fxg4 30. fxg4 Rf8 31. Bd1 Nxc3
32. Rxc3 Bf1+ 33. Kg1 Rxc3 34. d5 Bh3 0-1

[Event "2008 Olympiad"]
[Site "Dresden GER"]
[Date "2008.11.22"]
[EventDate "2008.11.13"]
[Round "9"]
[Result "1-0"]
[White "Maxim Rodshtein"]
[Black "Tigran Levonovich Petrosian"]
[WhiteElo "2609"]
[BlackElo "2629"]
[PlyCount "55"]

1. Nf3 d5 2. d4 c6 3. c4 Nf6 4. e3 e6 5. b3 Bd6 6. Bb2 O-O
7. Nbd2 b6 8. Bd3 Nbd7 9. O-O Bb7 10. Ne5 c5 11. cxd5 exd5
12. f4 Qe7 13. Rf3 cxd4 14. Nxd7 Nxd7 15. Bxd4 g6 16. Rh3 Bc5
17. f5 Nf6 18. Qf3 Bxd4 19. exd4 g5 20. Rg3 h6 21. h4 Qb4
22. Qf4 Ne4 23. Nxe4 Qxd4+ 24. Kh2 f6 25. hxg5 hxg5 26. Nxf6+
Qxf6 27. Rxg5+ Kf7 28. Qc7+ 1-0

[Event "2008 Olympiad"]
[Site "Dresden GER"]
[Date "2008.11.23"]
[EventDate "2008.11.13"]
[Round "10"]
[Result "1/2-1/2"]
[White "Maxim Rodshtein"]
[Black "Andrei Volokitin"]
[WhiteElo "2609"]
[BlackElo "2659"]
[PlyCount "122"]

1. d4 d5 2. c4 c6 3. Nf3 Nf6 4. e3 g6 5. Nc3 Bg7 6. Be2 O-O
7. O-O Qb6 8. b3 Bf5 9. Bb2 Nbd7 10. h3 Ne4 11. Nxe4 Bxe4
12. Rc1 Nf6 13. Ne5 Bf5 14. cxd5 cxd5 15. Ba3 Rfe8 16. Qd2 Nd7
17. Nf3 Bf8 18. g4 Be4 19. Ng5 h6 20. Nxe4 dxe4 21. Rc4 e6
22. Bxf8 Kxf8 23. f3 exf3 24. Bxf3 Re7 25. Qg2 Rb8 26. g5 hxg5
27. Qxg5 Qd6 28. Qh6+ Kg8 29. d5 Nf8 30. Rh4 Qe5 31. dxe6 Rxe6
32. Bd5 Re7 33. e4 Rc8 34. Rg4 Rc2 35. Rg2 Rxg2+ 36. Kxg2 Ne6
37. Qe3 Rc7 38. Bxe6 Qxe6 39. Rf2 Qe5 40. Qf3 Re7 41. Re2 Qd4
42. Qe3 Qd1 43. Re1 Qc2+ 44. Re2 Qc6 45. Qxa7 Rxe4 46. Rxe4
Qxe4+ 47. Kf2 Qf5+ 48. Kg3 Qd3+ 49. Kh2 Qd6+ 50. Kg2 b5 51. a4
Qd5+ 52. Kf2 Qd2+ 53. Kf3 Qd1+ 54. Kf2 Qc2+ 55. Kg1 Qb1+
56. Kg2 Qb2+ 57. Kg1 Qa1+ 58. Kf2 Kg7 59. Qd7 Qb2+ 60. Kf1
Qb1+ 61. Ke2 Qc2+ 1/2-1/2

[Event "2008 Olympiad"]
[Site "Dresden GER"]
[Date "2008.11.25"]
[EventDate "2008.11.13"]
[Round "11"]
[Result "1/2-1/2"]
[White "Erwin L'Ami"]
[Black "Maxim Rodshtein"]
[WhiteElo "2610"]
[BlackElo "2609"]
[PlyCount "179"]

1. d4 Nf6 2. c4 g6 3. Nc3 d5 4. Bf4 Bg7 5. e3 O-O 6. Rc1 c6
7. Nf3 Qb6 8. Qb3 Bg4 9. Ne5 Be6 10. Be2 Nbd7 11. Qxb6 axb6
12. cxd5 Nxd5 13. Nxd5 cxd5 14. a3 Nxe5 15. Bxe5 Bxe5 16. dxe5
d4 17. e4 Ra5 18. f4 Rc5 19. Kd2 Rfc8 20. Bd3 Kg7 21. Rhf1 Bb3
22. h4 h6 23. g3 R8c6 24. Rce1 Bc2 25. Rf2 Bb3 26. Rf3 Rc8
27. Rh1 Bc2 28. Rc1 Ba4 29. Rcf1 Bb3 30. Rh1 Bc2 31. Re1 Bb3
32. Ref1 R8c7 33. g4 Rc8 34. Rh3 Bc2 35. Rfh1 Ba4 36. g5 Rh8
37. gxh6+ Rxh6 38. h5 Bd7 39. Rh4 Rxh5 40. Rxh5 gxh5 41. Rxh5
Ra5 42. Bc4 e6 43. Kd3 Bc6 44. Rh1 Kf8 45. Rc1 Ke7 46. Kxd4
Ra8 47. Bd3 Rd8+ 48. Ke3 Rh8 49. b4 Kd8 50. b5 Bd7 51. Rg1 Ke7
52. a4 Rh3+ 53. Kd2 Rh2+ 54. Be2 Be8 55. Ke3 Rh3+ 56. Bf3 Rh2
57. Rg2 Rh1 58. Rc2 Ra1 59. Rc7+ Kd8 60. Rxb7 Ra3+ 61. Kf2
Rxa4 62. Rb8+ Kd7 63. f5 Rb4 64. Bh5 exf5 65. e6+ fxe6
66. Bxe8+ Kc7 67. Ra8 Rxe4 68. Bc6 Rh4 69. Ra7+ Kd6 70. Rb7
Kc5 71. Rd7 Rh3 72. Rd8 Ra3 73. Ke2 Rh3 74. Kf2 Ra3 75. Re8
Kd6 76. Bf3 Rb3 77. Be2 e5 78. Rd8+ Kc5 79. Rc8+ Kd4 80. Rc4+
Kd5 81. Rc6 Rb2 82. Rxb6 e4 83. Rb8 f4 84. Ke1 f3 85. Bd1 Kd4
86. b6 Ke3 87. b7 Rb1 88. Rf8 Rxb7 89. Bxf3 exf3 90. Re8+
1/2-1/2

[Event "Israeli Championship"]
[Site "Budapest HUN"]
[Date "2008.12.01"]
[EventDate "2008.12.01"]
[Round "1"]
[Result "1/2-1/2"]
[White "Maxim Rodshtein"]
[Black "Genrik Prozhanski"]
[WhiteElo "2609"]
[BlackElo "2316"]
[PlyCount "72"]

1. d4 Nf6 2. c4 c5 3. d5 b5 4. cxb5 a6 5. bxa6 g6 6. Nc3 Bxa6
7. g3 d6 8. Bg2 Bg7 9. Nf3 Nbd7 10. Rb1 Nb6 11. b3 Bb7 12. Nh4
O-O 13. O-O Qc8 14. Bb2 Rd8 15. Re1 e6 16. dxe6 fxe6 17. e4 d5
18. exd5 exd5 19. Qf3 Qd7 20. Na4 Nxa4 21. Bxf6 Rf8 22. bxa4
Bxf6 23. Qd1 Bc6 24. Rb6 Rxa4 25. Rxc6 Rd4 26. Rxf6 Rxd1
27. Rxf8+ Kxf8 28. Rxd1 d4 29. Rc1 d3 30. Nf3 Qd5 31. a4 c4
32. h4 Qc5 33. Bf1 Qb4 34. a5 d2 35. Nxd2 Qxd2 36. Rxc4 Qxa5
1/2-1/2

[Event "Israeli Championship"]
[Site "Budapest HUN"]
[Date "2008.12.04"]
[EventDate "2008.12.01"]
[Round "3"]
[Result "1-0"]
[White "Maxim Rodshtein"]
[Black "Israel Caspi"]
[WhiteElo "2609"]
[BlackElo "2408"]
[PlyCount "77"]

1. d4 Nf6 2. c4 g6 3. Nc3 Bg7 4. e4 d6 5. Be2 O-O 6. Nf3 e5
7. O-O Nbd7 8. Qc2 Nh5 9. Rd1 Nf4 10. Bf1 c5 11. dxc5 dxc5
12. a3 Ne6 13. b4 g5 14. Nd5 g4 15. Ne1 Nb8 16. Be3 Nc6
17. bxc5 Ncd4 18. Bxd4 Nxd4 19. Qc3 f5 20. exf5 Bxf5 21. Qe3
Rc8 22. Bd3 Rxc5 23. Rab1 b6 24. Bxf5 Nxf5 25. Qe4 Qh4 26. Nc3
Nd6 27. Qe2 Rf6 28. g3 Qh3 29. Ne4 Rh6 30. f3 Nxe4 31. Rd8+
Bf8 32. fxe4 Rc7 33. Nd3 Kg7 34. Rf1 Bxa3 35. c5 bxc5 36. Qd2
Qh5 37. Rf5 Qh3 38. Qg5+ Rg6 39. Rg8+ 1-0

[Event "Israeli Championship"]
[Site "Haifa ISR"]
[Date "2008.12.07"]
[EventDate "2008.12.01"]
[Round "4"]
[Result "1/2-1/2"]
[White "Zvulon Gofshtein"]
[Black "Maxim Rodshtein"]
[WhiteElo "2546"]
[BlackElo "2609"]
[PlyCount "154"]

1. Nf3 Nf6 2. c4 c5 3. Nc3 Nc6 4. e3 d5 5. cxd5 Nxd5 6. Bb5
Nxc3 7. bxc3 Qc7 8. d4 e6 9. O-O Be7 10. e4 O-O 11. Qe2 Rd8
12. Rd1 cxd4 13. cxd4 a6 14. Bxc6 Qxc6 15. Bf4 Qb5 16. Qe3 Qa4
17. Rdc1 Bd7 18. Rc7 Bf6 19. e5 Be7 20. Bg5 Bxg5 21. Nxg5 Rac8
22. Rxc8 Rxc8 23. Qf4 Be8 24. Ne4 Rc4 25. Nf6+ Kh8 26. Nxe8
Qxe8 27. Rc1 Qc6 28. Rxc4 Qxc4 29. h4 Kg8 30. Qe4 Qxa2
31. Qxb7 h5 32. Qa8+ Kh7 33. Qe4+ g6 34. Qf3 Kg8 35. Qa8+ Kg7
36. Qa7 a5 37. g3 Qd5 38. Kh2 Qb5 39. Qe7 Qb2 40. Qf6+ Kg8
41. d5 exd5 42. Qd8+ Kh7 43. Qf6 Kg8 44. Qd8+ Kh7 45. Qf6 Qb7
46. g4 Qd7 47. gxh5 gxh5 48. Qf3 Kg6 49. Qf6+ Kh7 50. Qf3 Qe6
51. Qxh5+ Kg7 52. Qg5+ Qg6 53. Qf4 Kf8 54. f3 Kg8 55. Qd2 Qe6
56. Qg5+ Kh7 57. Qh5+ Kg7 58. Qg5+ Qg6 59. Qf4 Qb6 60. h5 a4
61. Qg5+ Kh7 62. Qf5+ Kg7 63. Qg5+ Kf8 64. Qd8+ Kg7 65. Qg5+
Kf8 66. Qd2 d4 67. h6 d3 68. h7 Kg7 69. Qxd3 Qh6+ 70. Kg3 Qg5+
71. Kf2 Qxe5 72. Qc4 a3 73. h8=Q+ Kxh8 74. Qxf7 Qd4+ 75. Ke2
Qb2+ 76. Ke3 Qc3+ 77. Ke4 Qb4+ 1/2-1/2

[Event "Israeli Championship"]
[Site "Haifa ISR"]
[Date "2008.12.07"]
[EventDate "2008.12.01"]
[Round "5"]
[Result "1/2-1/2"]
[White "Maxim Rodshtein"]
[Black "Evgeny Postny"]
[WhiteElo "2609"]
[BlackElo "2674"]
[PlyCount "60"]

1. d4 d5 2. Nf3 c6 3. c4 Nf6 4. Nc3 dxc4 5. a4 e6 6. e3 c5
7. Bxc4 cxd4 8. exd4 Be7 9. O-O O-O 10. Re1 Nc6 11. Bg5 Nb4
12. Qe2 Bd7 13. Ne5 Kh8 14. Rad1 Bc6 15. Bb3 Nfd5 16. Bd2 Bg5
17. Qh5 Bxd2 18. Rxd2 Kg8 19. Ne4 h6 20. Nc5 Rc8 21. Nxc6 bxc6
22. g3 Qd6 23. Qe5 Qe7 24. Rc1 Rb8 25. Bd1 Rfd8 26. Bf3 Qc7
27. b3 Qa5 28. Re2 Qb6 29. Kg2 Rbc8 30. Rc4 Rb8 1/2-1/2

[Event "Israeli Championship"]
[Site "Haifa ISR"]
[Date "2008.12.09"]
[EventDate "2008.12.01"]
[Round "6"]
[Result "0-1"]
[White "Boris Kantsler"]
[Black "Maxim Rodshtein"]
[WhiteElo "2491"]
[BlackElo "2609"]
[PlyCount "76"]

1. e4 c6 2. d4 d5 3. Nc3 dxe4 4. Nxe4 Bf5 5. Ng3 Bg6 6. Nf3
Nd7 7. h4 h6 8. h5 Bh7 9. Bd3 Bxd3 10. Qxd3 e6 11. Bf4 Qa5+
12. Bd2 Bb4 13. Ne4 Ngf6 14. Nd6+ Ke7 15. Nxb7 Bxd2+ 16. Qxd2
Qb5 17. Na5 Ne4 18. c4 Qb6 19. Nxc6+ Qxc6 20. Qe2 Ng5 21. Nd2
Qb6 22. f4 Nh7 23. Nf3 Rhc8 24. b3 Nhf6 25. Kf2 a5 26. Rab1
Ng4+ 27. Kg3 f5 28. Nh4 Kf7 29. d5 Re8 30. Rbe1 exd5 31. Qf3
Ne3 32. cxd5 Nf6 33. Kh3 Neg4 34. Nxf5 Nf2+ 35. Kh2 N6g4+
36. Kg3 Nxh1+ 37. Rxh1 Ne3 38. Nh4 Rad8 0-1

[Event "Israeli Championship"]
[Site "Haifa ISR"]
[Date "2008.12.10"]
[EventDate "2008.12.01"]
[Round "7"]
[Result "1-0"]
[White "Maxim Rodshtein"]
[Black "Vitali Golod"]
[WhiteElo "2609"]
[BlackElo "2584"]
[PlyCount "107"]

1. Nf3 Nf6 2. c4 e6 3. d4 d5 4. Nc3 Bb4 5. cxd5 exd5 6. Bg5 h6
7. Bh4 g5 8. Bg3 Ne4 9. Nd2 Nxg3 10. hxg3 c6 11. a3 Be7 12. e3
Be6 13. Bd3 Nd7 14. Qc2 Nb6 15. O-O-O Qc7 16. f4 O-O-O 17. Rh5
Kb8 18. Rdh1 c5 19. Nf3 cxd4 20. Nxd4 Bf6 21. Nxe6 fxe6
22. Rxh6 Rc8 23. fxg5 Rxh6 24. gxh6 Qxg3 25. Kb1 Nd7 26. h7
Ne5 27. Rh3 Qg7 28. Bf1 Nf7 29. Rh1 Rh8 30. Ka2 Nh6 31. Bd3
Ng4 32. Rh3 Ne5 33. Bf1 Nf7 34. Rh1 a6 35. Na4 Nd6 36. Bd3 Rc8
37. Qd2 Qc7 38. Qb4 Ka7 39. Rh6 Bh8 40. Rxe6 Nc4 41. Re7 Qc6
42. Bxc4 dxc4 43. Nc5 c3 44. Rxb7+ Ka8 45. Rb6 Qd5+ 46. Nb3
Ka7 47. Rd6 Qb7 48. Qxb7+ Kxb7 49. Na5+ Ka7 50. bxc3 Rc5
51. Nc6+ Kb7 52. Nd8+ Kc7 53. Nf7 Rh5 54. Rh6 1-0

[Event "Israeli Championship"]
[Site "Haifa ISR"]
[Date "2008.12.10"]
[EventDate "2008.12.01"]
[Round "8"]
[Result "1/2-1/2"]
[White "Maxim Rodshtein"]
[Black "Boris Avrukh"]
[WhiteElo "2609"]
[BlackElo "2657"]
[PlyCount "106"]

1. Nf3 c5 2. c4 Nc6 3. d4 cxd4 4. Nxd4 Qb6 5. Nb3 Nf6 6. g3
Ne5 7. c5 Qc6 8. Rg1 d5 9. cxd6 exd6 10. Bg2 d5 11. Nc3 Bb4
12. Qd4 Qe6 13. a3 Nc6 14. Qd3 Bxc3+ 15. Qxc3 O-O 16. Be3 b6
17. Nd4 Nxd4 18. Bxd4 Ba6 19. Qe3 Qf5 20. Qf4 Qc2 21. Qd2 Rac8
22. Qxc2 Rxc2 23. Kd1 Rxe2 24. Bxf6 gxf6 25. Bf1 Rfe8 26. Bxe2
Rxe2 27. b3 Rxf2 28. Rc1 Bd3 29. Rc7 Rxh2 30. Rxa7 Rb2 31. Re1
Rxb3 32. Re3 Rb1+ 33. Kd2 Be4 34. Rc3 Kg7 35. a4 Rb4 36. Rcc7
Bg6 37. Rcb7 d4 38. g4 Rb2+ 39. Kd1 d3 40. a5 Be4 41. Rxf7+
Kg6 42. Rg7+ Kh6 43. Rgd7 bxa5 44. Rxa5 Bf3+ 45. Kc1 Rc2+
46. Kb1 Be4 47. Rh5+ Kg6 48. Rhxh7 Kg5 49. Rhe7 Bg6 50. Rd4
Rg2 51. Kc1 Rc2+ 52. Kd1 Rg2 53. Rg7 Kh6 1/2-1/2

[Event "Israeli Championship"]
[Site "Haifa ISR"]
[Date "2008.12.11"]
[EventDate "2008.12.01"]
[Round "9"]
[Result "1/2-1/2"]
[White "Ilya Smirin"]
[Black "Maxim Rodshtein"]
[WhiteElo "2649"]
[BlackElo "2609"]
[PlyCount "72"]

1. e4 c6 2. d4 d5 3. e5 Bf5 4. Nf3 e6 5. Be2 Nd7 6. O-O Ne7
7. Nbd2 h6 8. Nb3 Bh7 9. a4 Nf5 10. Bd3 Bg6 11. a5 a6 12. h3
c5 13. c4 dxc4 14. Bxc4 cxd4 15. Nbxd4 Nxd4 16. Qxd4 Rc8
17. Rd1 Qc7 18. Bf4 Nb8 19. Bd3 Nc6 20. Qa4 Bxd3 21. Rxd3 Be7
22. Nd4 O-O 23. Qc4 Ra8 24. Qa4 Rac8 25. Nxc6 bxc6 26. Qc4 Ra8
27. Rg3 Kh8 28. Rb3 Rfd8 29. Rb6 c5 30. Rc1 Rdb8 31. Rxa6 Rxa6
32. Qxa6 Rxb2 33. Qa8+ Rb8 34. Qa6 Rb2 35. Qa8+ Rb8 36. Qa6
Rb2 1/2-1/2

[Event "ISR-chT"]
[Site "Israel"]
[Date "2008.05.30"]
[EventDate "?"]
[Round "11.1"]
[Result "1/2-1/2"]
[White "Roman Bar"]
[Black "Maxim Rodshtein"]
[WhiteElo "2425"]
[BlackElo "2614"]
[PlyCount "68"]

1. e4 c5 2. Nf3 e6 3. b3 Nc6 4. Bb2 a6 5. g3 d6 6. Bg2 Nf6
7. e5 dxe5 8. Nxe5 Nxe5 9. Bxe5 Bd6 10. Bxd6 Qxd6 11. O-O O-O
12. d3 Rb8 13. Nd2 b5 14. a4 Bd7 15. axb5 axb5 16. Ne4 Nxe4
17. dxe4 Qc7 18. e5 Rb6 19. Qd2 Bc6 20. Bxc6 Rxc6 21. Qc3 b4
22. Qe3 c4 23. Qe4 Rc5 24. Rfe1 Qb8 25. Ra4 Rfc8 26. h4 h6
27. Kg2 Rd5 28. bxc4 Rdc5 29. Rb1 Rxe5 30. Qf3 Rf5 31. Raxb4
Qa7 32. Qe2 Qa8+ 33. Kg1 Rfc5 34. c3 Qc6 1/2-1/2

[Event "Aeroflot Open"]
[Site "Moscow RUS"]
[Date "2009.02.17"]
[EventDate "2009.02.17"]
[Round "1"]
[Result "1/2-1/2"]
[White "Maxim Rodshtein"]
[Black "Sergey Grigoriants"]
[WhiteElo "2650"]
[BlackElo "2565"]
[PlyCount "119"]

1. Nf3 d5 2. d4 Nf6 3. c4 c6 4. e3 Bg4 5. Qb3 Qb6 6. Nc3 e6
7. Nh4 Bh5 8. h3 Nbd7 9. g4 Bg6 10. Nxg6 hxg6 11. g5 Ng8
12. c5 Qc7 13. e4 Ne7 14. exd5 exd5 15. Ne2 Nf5 16. Bf4 Qa5+
17. Bd2 Qc7 18. h4 O-O-O 19. O-O-O b6 20. Bf4 Qb7 21. cxb6
axb6 22. Bh3 Qa6 23. Bxf5 gxf5 24. Nc3 Qc4 25. Qxc4 dxc4
26. h5 Bb4 27. Kc2 f6 28. Rdg1 Nf8 29. gxf6 gxf6 30. Be3 Ne6
31. Ne2 Bd6 32. Bd2 f4 33. f3 Ng5 34. Rf1 Ne6 35. Rh4 Rdg8
36. Rf2 Ng7 37. Rg2 Nf5 38. Rxg8+ Rxg8 39. Rh2 Rh8 40. Kc3 Ng3
41. Nxf4 Rh7 42. Rg2 Nf5 43. Rg6 Ne7 44. Rxf6 Bxf4 45. Rf8+
Kd7 46. Bxf4 b5 47. h6 Nd5+ 48. Kd2 Nxf4 49. Rxf4 Rxh6 50. Kc3
Rh2 51. Rf6 Re2 52. f4 Re3+ 53. Kb4 Re2 54. Kc3 Re3+ 55. Kb4
Re2 56. Kc5 Rxb2 57. Rd6+ Ke7 58. Rxc6 Rxa2 59. Kxb5 Rf2
60. Kxc4 1/2-1/2

[Event "Aeroflot Open"]
[Site "Moscow RUS"]
[Date "2009.02.18"]
[EventDate "2009.02.17"]
[Round "2"]
[Result "1-0"]
[White "Eltaj Safarli"]
[Black "Maxim Rodshtein"]
[WhiteElo "2564"]
[BlackElo "2650"]
[PlyCount "77"]

1. e4 c6 2. d4 d5 3. exd5 cxd5 4. c4 Nf6 5. Nc3 e6 6. Nf3 Bb4
7. cxd5 Nxd5 8. Bd2 Nc6 9. Bd3 O-O 10. O-O Be7 11. a3 Nf6
12. Bg5 b6 13. Rc1 Bb7 14. Bb1 Rc8 15. Re1 Re8 16. h4 g6
17. Ba2 Nd5 18. Bxd5 exd5 19. Bxe7 Rxe7 20. Qd2 Kg7 21. Qf4
Qc7 22. Nxd5 Rxe1+ 23. Rxe1 Qxf4 24. Nxf4 Na5 25. d5 h6 26. b4
Nc4 27. Re7 Rb8 28. Rc7 b5 29. Nd4 a6 30. a4 g5 31. hxg5 hxg5
32. Nfe6+ Kg6 33. Nc5 Bxd5 34. Nc6 Bxc6 35. Rxc6+ Kf5 36. Nxa6
Rb7 37. Rc5+ Kf4 38. Nc7 Nd6 39. Nxb5 1-0

[Event "Aeroflot Open"]
[Site "Moscow RUS"]
[Date "2009.02.19"]
[EventDate "2009.02.17"]
[Round "3"]
[Result "1/2-1/2"]
[White "Maxim Rodshtein"]
[Black "Li Shilong"]
[WhiteElo "2650"]
[BlackElo "2559"]
[PlyCount "137"]

1. d4 d5 2. Nf3 c6 3. c4 Nf6 4. e3 a6 5. Nc3 b5 6. c5 g6
7. Ne5 Bg7 8. Bd3 O-O 9. f4 Bf5 10. Bxf5 gxf5 11. Bd2 Qc8
12. O-O Nbd7 13. Rf3 Re8 14. Be1 Nf8 15. Rh3 Qe6 16. a4 Ng4
17. Rg3 Nf6 18. Kh1 b4 19. Ne2 a5 20. Rh3 Ne4 21. Nd3 Nd7
22. Ng3 Ndf6 23. Nxe4 Nxe4 24. Qf3 Kh8 25. Bh4 Qg6 26. Rg1 Qg4
27. Be1 Bf6 28. Rh5 Rg8 29. h3 Ng3+ 30. Bxg3 Qxg3 31. Rxf5
Qxf3 32. gxf3 Rxg1+ 33. Kxg1 Kg7 34. Ne5 e6 35. Rh5 b3 36. f5
Re8 37. fxe6 fxe6 38. Ng4 Rb8 39. Nxf6 Kxf6 40. Rxh7 Rb4
41. Kf2 Rxa4 42. Rb7 e5 43. dxe5+ Kxe5 44. Rxb3 Rc4 45. Ke2 a4
46. Rb8 Rxc5 47. f4+ Kf5 48. Kd3 Ra5 49. Kd4 a3 50. bxa3 Rxa3
51. Rf8+ Ke6 52. h4 Ke7 53. Rh8 c5+ 54. Kxc5 Rxe3 55. Kxd5 Kf6
56. h5 Kg7 57. Ra8 Rh3 58. Ra7+ Kh6 59. Ke6 Rxh5 60. f5 Rh1
61. f6 Re1+ 62. Kf7 Rb1 63. Re7 Rb8 64. Ke6 Kg6 65. Rg7+ Kh6
66. Rd7 Kg6 67. Ke7 Rc8 68. Ra7 Rb8 69. Rc7 1/2-1/2

[Event "Aeroflot Open"]
[Site "Moscow RUS"]
[Date "2009.02.20"]
[EventDate "2009.02.17"]
[Round "4"]
[Result "1/2-1/2"]
[White "Zhou Weiqi"]
[Black "Maxim Rodshtein"]
[WhiteElo "2542"]
[BlackElo "2650"]
[PlyCount "55"]

1. d4 d5 2. c4 c6 3. Nf3 Nf6 4. e3 a6 5. Nc3 b5 6. b3 Bg4
7. Be2 Nbd7 8. O-O e6 9. Bb2 Bd6 10. h3 Bh5 11. Ne5 Bxe2
12. Nxe2 Qc7 13. cxd5 cxd5 14. Rc1 Qb8 15. Nxd7 Kxd7 16. f3
Qb7 17. Qd3 Ke7 18. Nc3 b4 19. Na4 Qb5 20. Qd2 Rac8 21. Nc5
Rhd8 22. Rfd1 h6 23. Rc2 Rc6 24. Rdc1 Rdc8 25. a4 bxa3
26. Bxa3 Nd7 27. Nxd7 Bxa3 28. Rxc6 1/2-1/2

[Event "Aeroflot Open"]
[Site "Moscow RUS"]
[Date "2009.02.23"]
[EventDate "2009.02.17"]
[Round "7"]
[Result "1-0"]
[White "Maxim Rodshtein"]
[Black "Yaroslav Zherebukh"]
[WhiteElo "2650"]
[BlackElo "2558"]
[PlyCount "85"]

1. d4 d5 2. Nf3 Nf6 3. c4 dxc4 4. e3 g6 5. Bxc4 Bg7 6. O-O O-O
7. Nc3 Nc6 8. h3 Ne8 9. Bb5 Bd7 10. e4 a6 11. Be2 e5 12. Bg5
f6 13. Bh4 exd4 14. Nxd4 Nd6 15. Re1 Kh8 16. Rc1 Qe8 17. Nd5
Rc8 18. Nxc6 Bxc6 19. Bg4 Rd8 20. Nxc7 Qe7 21. Ne6 Nb5
22. Nxd8 Rxd8 23. Qb3 Nd4 24. Qa3 Qxa3 25. bxa3 h5 26. Bd1 Re8
27. f3 Kg8 28. Bf2 f5 29. exf5 Rxe1+ 30. Bxe1 Nxf5 31. Bb3+
Kh7 32. a4 h4 33. Bf2 Bf6 34. Rd1 a5 35. Bc2 Kg8 36. Bb6 Kf7
37. Be4 Bxa4 38. Rc1 Nd6 39. Bd5+ Ke8 40. Bxa5 Bd4+ 41. Kh1
Nf5 42. Be1 b5 43. Be4 1-0

[Event "Aeroflot Open"]
[Site "Moscow RUS"]
[Date "2009.02.24"]
[EventDate "2009.02.17"]
[Round "8"]
[Result "1-0"]
[White "Varuzhan Akobian"]
[Black "Maxim Rodshtein"]
[WhiteElo "2619"]
[BlackElo "2650"]
[PlyCount "53"]

1. d4 d5 2. c4 c6 3. Nf3 Nf6 4. Nc3 e6 5. Bg5 h6 6. Bh4 dxc4
7. e4 g5 8. Bg3 b5 9. Ne5 Bb7 10. h4 g4 11. Nxg4 Nxg4 12. Qxg4
Qxd4 13. Rd1 Qf6 14. a4 Bb4 15. e5 Qf5 16. Qd4 O-O 17. Qe3 Na6
18. Be2 Nc7 19. Qxh6 Rfd8 20. O-O Bf8 21. Qc1 a6 22. Bf3 Bg7
23. Rfe1 Rd5 24. h5 c5 25. h6 Rxd1 26. Bxd1 Bh8 27. Bc2 1-0

[Event "Aeroflot Open"]
[Site "Moscow RUS"]
[Date "2009.02.25"]
[EventDate "2009.02.17"]
[Round "9"]
[Result "1-0"]
[White "Maxim Rodshtein"]
[Black "Markus Ragger"]
[WhiteElo "2650"]
[BlackElo "2540"]
[PlyCount "101"]

1. d4 d5 2. Nf3 Nf6 3. c4 c6 4. e3 Bf5 5. Nc3 e6 6. Nh4 Bg6
7. Be2 Nbd7 8. g3 Bd6 9. O-O O-O 10. Nxg6 hxg6 11. Qb3 Rb8
12. Rd1 Qe7 13. Qc2 dxc4 14. Bxc4 Nb6 15. Bb3 Rfd8 16. Bd2
Rbc8 17. Be1 c5 18. dxc5 Rxc5 19. Qe2 a6 20. Rd4 e5 21. Rd2 e4
22. Rad1 Rcc8 23. h4 Rd7 24. Rd4 Rcd8 25. Qc2 Bc5 26. Rxd7
Rxd7 27. Rxd7 Nbxd7 28. Kg2 b5 29. Nd5 Nxd5 30. Bxd5 Nf6
31. Bb3 Qe5 32. Bc3 Qf5 33. Qd2 Ng4 34. Bd1 Kh7 35. b4 Be7
36. Kg1 Ne5 37. Bxe5 Qxe5 38. Bb3 Kg8 39. Qd7 Qf6 40. Qe8+ Bf8
41. Qxe4 Be7 42. Qa8+ Bd8 43. Qd5 Kf8 44. Kg2 Be7 45. a3 Bd8
46. Qb7 Qe7 47. Qxa6 Qe4+ 48. Kh2 Qf5 49. Qd6+ Ke8 50. Bd5
Qxf2+ 51. Kh3 1-0